000 00880nam a2200217Ia 4500
999 _c37549
_d37549
001 3515
003 GE_BSU
005 20190528190017.0
008 181216s1948|||| |||||||||||||| ||geo||
040 _cGE_BSU
041 _ageo
080 _a54(076.5) გ-44
100 _aგვარამაძე, დ.
_91766
245 _aზოგადი ქიმიის ლაბორატორიული და პრეპარატული პრაქტიკუმი /
_cდ. გვარამაძე ; რედ : რ. ნიკოლაძე.
264 _aთბილისი :
_bტექნიკა და შრომა,
_c1948.
300 _a354 გვ .:
_c24 სმ.
653 _aზოგადი ქიმია
653 _aქიმია
700 _aნიკოლაძე, რ
_eრედაქტორი
_91767
942 _cBK
_2udc